[Event "Orsha op-A 22nd"]
[Site "Orsha"]
[Date "2024.01.22"]
[Round "1"]
[White "Luhinin, Maksim"]
[Black "Shchukin, Dmitry"]
[Result "0-1"]
[WhiteElo "1478"]
[BlackElo "2224"]
[PlyCount "102"]
[EventDate "2024.01.22"]
[EventType "swiss"]
[EventRounds "9"]
[EventCountry "BLR"]
[SourceTitle "CB05_2024"]
[SourceDate "2024.01.31"]
[SourceVersion "1"]
[SourceVersionDate "2024.01.31"]
[SourceQuality "1"]

1. d4 Nf6 2. c4 e6 3. Nc3 Bb4 4. f3 d6 5. e4 Nbd7 6. a3 Bxc3+ 7. bxc3 e5 8. Bd3 c5 9. Ne2 0-0 10. 0-0 Re8 11. Be3 Nf8 12. Ng3 b6 13. f4 Ng4 14. Qf3 Qh4 15. h3 Nxe3 16. Qxe3 exd4 17. cxd4 cxd4 18. Qf2 Ne6 19. Kh2 Bb7 20. f5 Nc5 21. Rad1 Qf6 22. Bc2 Bxe4 23. Nxe4 Nxe4 24. Qxd4 Qe5+ 25. Qxe5 Rxe5 26. Bxe4 Rxe4 27. Rxd6 Rxc4 28. Rfd1 h5 29. Rd7 Rf4 30. R1d5 h4 31. Rb7 Rc8 32. Rd2 Rc1 33. Rxa7 Rxf5 34. g3 hxg3+ 35. Kxg3 Rc3+ 36. Kg2 Rff3 37. Rd8+ Kh7 38. Rdd7 Rg3+ 39. Kf2 Rcf3+ 40. Ke2 Rxa3 41. Rxf7 Rxa7 42. Rxa7 Rxh3 43. Rb7 Rb3 44. Kd2 Kh6 45. Rc7 g5 46. Rc1 g4 47. Rg1 Kg5 48. Kc2 Rf3 49. Rb1 Rf6 50. Kd3 g3 51. Ke3 Kg4 0-1

[Event "St Petersburg Korchnoi Memorial op"]
[Site "St Petersburg"]
[Date "2019.08.22"]
[Round "9"]
[White "Shchukin, Dmitry"]
[Black "Aksenova, Maria"]
[Result "1-0"]
[WhiteElo "2262"]
[BlackElo "2008"]
[PlyCount "103"]
[EventDate "2019.08.14"]
[EventType "swiss"]
[EventRounds "9"]
[EventCountry "RUS"]
[SourceTitle "CBM 192"]
[Source "ChessBase"]
[SourceDate "2019.10.31"]
[SourceVersion "1"]
[SourceVersionDate "2019.10.31"]
[SourceQuality "1"]

1. e4 c5 2. Nf3 Nc6 3. d4 cxd4 4. Nxd4 e5 5. Nb5 d6 6. N1c3 a6 7. Nd5 axb5 8. Be3 Nd4 9. Bxd4 exd4 10. Bxb5+ Bd7 11. Bxd7+ Kxd7 12. Qxd4 Ra6 13. 0-0 Ne7 14. b4 Nxd5 15. Qxd5 Rc6 16. b5 Rc7 17. a4 Qe7 18. b6 Rc6 19. a5 g6 20. a6 Bg7 21. Ra3 Qe6 22. Qd3 Rxb6 23. Qe3 Rb2 24. Rd1 Ke7 25. e5 Qxe5 26. Qf3 Qf5 27. Re3+ Kd7 28. Qg3 Rb6 29. a7 Qxc2 30. Red3 Qc5 31. Qf4 Be5 32. Qa4+ Qb5 33. Qa2 Ke7 34. Rf3 f5 35. a8Q Rxa8 36. Qxa8 Qb1 37. Qa4 Rb4 38. g3 Rxa4 39. Rxb1 Ra1 40. Rxa1 Bxa1 41. Rb3 Ke6 42. Rxb7 h6 43. Kg2 Kd5 44. Rh7 h5 45. Rh6 Kc4 46. Rxg6 d5 47. Kf3 Kd3 48. Rg5 d4 49. Rxf5 Kc2 50. Rxh5 d3 51. Rd5 Bc3 52. h4 1-0

[Event "St Petersburg Korchnoi Memorial op"]
[Site "St Petersburg"]
[Date "2019.08.19"]
[Round "6"]
[White "Dushin, Nikolay"]
[Black "Shchukin, Dmitry"]
[Result "0-1"]
[WhiteElo "1890"]
[BlackElo "2262"]
[PlyCount "114"]
[EventDate "2019.08.14"]
[EventType "swiss"]
[EventRounds "9"]
[EventCountry "RUS"]
[SourceTitle "CBM 192"]
[Source "ChessBase"]
[SourceDate "2019.10.31"]
[SourceVersion "1"]
[SourceVersionDate "2019.10.31"]
[SourceQuality "1"]

1. Nf3 d6 2. d4 Bg4 3. e3 Nf6 4. Be2 c6 5. c4 Nbd7 6. Nc3 g6 7. h3 Bxf3 8. Bxf3 Bg7 9. Bd2 0-0 10. Qc2 Nb6 11. Be2 d5 12. c5 Nbd7 13. b4 e5 14. 0-0 exd4 15. exd4 Re8 16. Bf3 Nf8 17. Be3 Ne6 18. Rfd1 Nd7 19. g3 Qf6 20. Bg2 a5 21. Rab1 axb4 22. Ne2 Ra3 23. Rxb4 Rea8 24. Nc1 R8a7 25. Rd3 Rxd3 26. Qxd3 Qd8 27. h4 h5 28. Qd2 Qa8 29. Qd1 Ra3 30. Qd2 Ndxc5 31. Qb2 b5 32. Bh3 f5 33. Bf1 Ne4 34. Bd3 Ra4 35. Kg2 Rxb4 36. Qxb4 Qa7 37. f3 Bf8 38. Qb1 Nd6 39. Ne2 Nc4 40. Bxc4 bxc4 41. g4 hxg4 42. fxg4 Qf7 43. gxf5 gxf5 44. Qb8 Kh7 45. a4 Qg7+ 46. Kh1 c5 47. a5 cxd4 48. Nxd4 Nxd4 49. Bxd4 Qxd4 50. Qxf8 Qxh4+ 51. Kg2 Qe4+ 52. Kf1 Qd3+ 53. Ke1 Kg6 54. Qe8+ Kf6 55. a6 Qb1+ 56. Ke2 Qa2+ 57. Kf3 Qxa6 0-1

[Event "St Petersburg Korchnoi Memorial op"]
[Site "St Petersburg"]
[Date "2019.08.18"]
[Round "5"]
[White "Shchukin, Dmitry"]
[Black "Osipov, Aleksandr"]
[Result "0-1"]
[WhiteElo "2262"]
[BlackElo "2000"]
[PlyCount "60"]
[EventDate "2019.08.14"]
[EventType "swiss"]
[EventRounds "9"]
[EventCountry "RUS"]
[SourceTitle "CBM 192"]
[Source "ChessBase"]
[SourceDate "2019.10.31"]
[SourceVersion "1"]
[SourceVersionDate "2019.10.31"]
[SourceQuality "1"]

1. e4 c5 2. Nf3 d6 3. d4 cxd4 4. Nxd4 Nf6 5. Nc3 a6 6. f4 e5 7. Nf3 exf4 8. Bxf4 Nc6 9. Qd2 Qa5 10. 0-0-0 Be6 11. a3 Be7 12. Ng5 Bg4 13. Re1 h6 14. Nf3 Rd8 15. Bc4 0-0 16. h3 Be6 17. Nd5 Rfe8 18. Qxa5 Nxa5 19. Ba2 Rd7 20. Nd4 Bxd5 21. exd5 Rc8 22. Nf5 Bf8 23. Rhf1 b5 24. Bd2 Nc4 25. Bxc4 bxc4 26. Nxh6+ Kh7 27. Rf5 c3 28. bxc3 Kg6 29. Ref1 Rb7 30. Ng4 Ne4 0-1

[Event "St Petersburg Korchnoi Memorial op"]
[Site "St Petersburg"]
[Date "2019.08.14"]
[Round "1"]
[White "Shchukin, Dmitry"]
[Black "Kudin, Alexander"]
[Result "1/2-1/2"]
[WhiteElo "2262"]
[BlackElo "1828"]
[PlyCount "127"]
[EventDate "2019.08.14"]
[EventType "swiss"]
[EventRounds "9"]
[EventCountry "RUS"]
[SourceTitle "CBM 192"]
[Source "ChessBase"]
[SourceDate "2019.10.31"]
[SourceVersion "1"]
[SourceVersionDate "2019.10.31"]
[SourceQuality "1"]

1. e4 e5 2. Nf3 Nc6 3. Bc4 Bc5 4. c3 Nf6 5. d3 0-0 6. 0-0 h6 7. Re1 d6 8. Bb3 Bg4 9. h3 Bh5 10. Nbd2 Re8 11. Nf1 Bg6 12. Ng3 d5 13. exd5 Nxd5 14. d4 Bf8 15. dxe5 Nb6 16. Bf4 Na5 17. Qxd8 Raxd8 18. e6 Nxb3 19. axb3 Nd5 20. exf7+ Bxf7 21. Be5 a6 22. b4 Rc8 23. Ne4 Nb6 24. Bf4 Nc4 25. b3 Nb2 26. Ned2 Nd3 27. Rxe8 Rxe8 28. Be3 c5 29. bxc5 Nxc5 30. b4 Nd3 31. g3 Bd6 32. Bd4 Bd5 33. Kf1 Kf7 34. Ne1 Nxe1 35. Rxe1 Bg2+ 36. Kxg2 Rxe1 37. Nc4 Bc7 38. f4 g6 39. Kf3 Re6 40. g4 b5 41. Ne5+ Bxe5 42. Bxe5 Rc6 43. Ke4 Ke6 44. f5+ gxf5+ 45. gxf5+ Kf7 46. h4 Rc4+ 47. Bd4 h5 48. Kd5 Ke7 49. f6+ Kf7 50. Ke5 Rc6 51. Kf5 Rd6 52. Kg5 Rd5+ 53. Kh6 Rf5 54. Be3 Kxf6 55. Bg5+ Kf7 56. Kxh5 Kg7 57. Kg4 Rd5 58. Be3 Kg6 59. Kf4 Kh5 60. Ke4 Rd1 61. Bg5 Kg4 62. Bf6 Rd7 63. Ke5 Rd3 64. Ke6 1/2-1/2

[Event "St Petersburg  North-West Cup-B"]
[Site "St Petersburg"]
[Date "2018.12.11"]
[Round "9"]
[White "Schekachikhin, Maksim"]
[Black "Shchukin, Dmitry"]
[Result "1-0"]
[WhiteElo "2368"]
[BlackElo "2272"]
[PlyCount "69"]
[EventDate "2018.12.03"]
[EventType "tourn"]
[EventRounds "9"]
[EventCountry "RUS"]
[EventCategory "3"]
[SourceTitle "CBM 187 Extra"]
[Source "ChessBase"]
[SourceDate "2018.11.04"]
[SourceVersion "1"]
[SourceVersionDate "2018.11.04"]
[SourceQuality "1"]

1. d4 Nf6 2. c4 g6 3. Nc3 Bg7 4. e4 d6 5. Be2 Nbd7 6. Nf3 e5 7. 0-0 0-0 8. Re1 exd4 9. Nxd4 Re8 10. Bf1 Nc5 11. f3 c6 12. Be3 a5 13. Qd2 a4 14. Rab1 Nfd7 15. Nc2 Be5 16. Red1 Qh4 17. g3 Qf6 18. Be2 a3 19. Nd4 axb2 20. f4 Bxd4 21. Bxd4 Qe7 22. Qxb2 Nxe4 23. Nxe4 Qxe4 24. Bd3 Rxa2 25. Bxe4 Rxb2 26. Rxb2 Rxe4 27. Ra2 Nf8 28. Ra8 Bg4 29. Rd2 f5 30. c5 d5 31. Be5 Kf7 32. Rb2 Nd7 33. Rxb7 Ke6 34. Re8+ Kf7 35. Rd8 1-0

[Event "St Petersburg  North-West Cup-B"]
[Site "St Petersburg"]
[Date "2018.12.09"]
[Round "7"]
[White "Toivonen, Alexander"]
[Black "Shchukin, Dmitry"]
[Result "1/2-1/2"]
[WhiteElo "2343"]
[BlackElo "2272"]
[PlyCount "129"]
[EventDate "2018.12.03"]
[EventType "tourn"]
[EventRounds "9"]
[EventCountry "RUS"]
[EventCategory "3"]
[SourceTitle "CBM 187 Extra"]
[Source "ChessBase"]
[SourceDate "2018.11.04"]
[SourceVersion "1"]
[SourceVersionDate "2018.11.04"]
[SourceQuality "1"]

1. d4 Nf6 2. Nf3 g6 3. Bf4 Bg7 4. Nbd2 0-0 5. e3 d6 6. h3 Nfd7 7. c3 e5 8. Bh2 Nc6 9. Bb5 Qe7 10. dxe5 Ndxe5 11. 0-0 a6 12. Be2 b5 13. a4 Rb8 14. axb5 axb5 15. Nd4 b4 16. Nc4 Bd7 17. Ra6 bxc3 18. bxc3 Nxc4 19. Bxc4 Ne5 20. Be2 Ra8 21. Qa1 Rxa6 22. Qxa6 c5 23. Nf3 Nxf3+ 24. Bxf3 Be5 25. Bxe5 Qxe5 26. c4 Be6 27. Rd1 Qc3 28. Qxd6 Qxc4 29. Bd5 Bxd5 30. Qxd5 Qxd5 31. Rxd5 Rc8 32. Kf1 Kg7 33. Ke2 Kf6 34. Kd3 Ke6 35. Kc4 Ra8 36. Rd2 Ra5 37. Rb2 h5 38. Rb6+ Ke5 39. Rb2 h4 40. Rd2 f6 41. Rd5+ Ke6 42. Rd2 g5 43. Rb2 Ke5 44. Rd2 f5 45. Rd5+ Ke6 46. Rd2 g4 47. Rb2 Ke5 48. Rb8 gxh3 49. Re8+ Kd6 50. gxh3 Ra2 51. Rh8 Rxf2 52. Rxh4 Rc2+ 53. Kd3 Ra2 54. Rc4 Kd5 55. Rh4 Ra3+ 56. Kd2 Ra2+ 57. Kd3 Rh2 58. Rf4 Ke5 59. Rc4 Kd5 60. Rf4 Ke6 61. Rc4 Rxh3 62. Rxc5 f4 63. Ke4 fxe3 64. Rc6+ Kd7 65. Rc2 1/2-1/2

[Event "St Petersburg IM2"]
[Site "St Petersburg"]
[Date "2017.11.06"]
[Round "7"]
[White "Manush, Shah"]
[Black "Shchukin, Dmitry"]
[Result "1/2-1/2"]
[WhiteElo "2109"]
[BlackElo "2294"]
[PlyCount "73"]
[EventDate "2017.10.31"]
[EventType "tourn"]
[EventRounds "9"]
[EventCountry "RUS"]
[EventCategory "3"]
[SourceTitle "CBM 181 Extra"]
[Source "ChessBase"]
[SourceDate "2017.12.12"]
[SourceVersion "1"]
[SourceVersionDate "2017.12.12"]
[SourceQuality "1"]

1. d4 Nf6 2. Nf3 e6 3. Bf4 c5 4. e3 Nc6 5. c3 b6 6. Nbd2 Bb7 7. h3 Be7 8. Bd3 d5 9. 0-0 Bd6 10. Bxd6 Qxd6 11. Re1 Rd8 12. Qe2 g6 13. Rad1 0-0 14. e4 dxe4 15. Nxe4 Nxe4 16. Bxe4 cxd4 17. Nxd4 Nxd4 18. Rxd4 Qe7 19. Red1 Rxd4 20. Rxd4 Bxe4 21. Qxe4 Rd8 22. Qd3 Rxd4 23. Qxd4 e5 24. Qd5 Qg5 25. Qa8+ Kg7 26. Qxa7 Qc1+ 27. Kh2 Qxb2 28. Qc7 Qxf2 29. Qxe5+ f6 30. Qc7+ Kh6 31. a4 f5 32. a5 bxa5 33. Qxa5 Qe3 34. Qc7 f4 35. c4 Qg3+ 36. Kh1 Qe3 37. Kh2 1/2-1/2

[Event "St Petersburg IM2"]
[Site "St Petersburg"]
[Date "2017.10.31"]
[Round "1"]
[White "Aliyev, Ravan"]
[Black "Shchukin, Dmitry"]
[Result "1-0"]
[WhiteElo "2341"]
[BlackElo "2294"]
[PlyCount "107"]
[EventDate "2017.10.31"]
[EventType "tourn"]
[EventRounds "9"]
[EventCountry "RUS"]
[EventCategory "3"]
[SourceTitle "CBM 181 Extra"]
[Source "ChessBase"]
[SourceDate "2017.12.12"]
[SourceVersion "1"]
[SourceVersionDate "2017.12.12"]
[SourceQuality "1"]

1. d4 d5 2. c4 e6 3. Nc3 c5 4. cxd5 exd5 5. Nf3 Nc6 6. g3 Nf6 7. Bg2 Be7 8. 0-0 0-0 9. Bg5 cxd4 10. Nxd4 h6 11. Be3 Bg4 12. h3 Be6 13. Rc1 Qd7 14. Nxe6 fxe6 15. f4 Rad8 16. Bf2 Bb4 17. a3 Bxc3 18. Rxc3 Ne4 19. Bxe4 dxe4 20. Qxd7 Rxd7 21. Rc4 Rd2 22. Rxe4 Rxb2 23. Rxe6 Rd8 24. Rc1 Kf7 25. Re4 Rdd2 26. Kf1 Rb3 27. Re3 Rxe3 28. Bxe3 Ra2 29. Bc5 Ke6 30. Kf2 h5 31. Rc3 Kd5 32. Kf3 Nd4+ 33. Bxd4 Kxd4 34. Rd3+ Kc4 35. g4 hxg4+ 36. hxg4 b5 37. f5 a5 38. g5 Ra1 39. Ke4 b4 40. axb4 axb4 41. Rd7 b3 42. Rxg7 Ra5 43. Rc7+ Kb4 44. Rb7+ Kc3 45. g6 Ra4+ 46. Ke5 Ra5+ 47. Kf6 Ra6+ 48. Kf7 b2 49. Rxb2 Ra7+ 50. Kf6 Ra6+ 51. Ke5 Ra5+ 52. Kf4 Ra4+ 53. e4 Kxb2 54. g7 1-0

[Event "St Petersburg Summer op"]
[Site "St Petersburg"]
[Date "2017.08.19"]
[Round "4"]
[White "Baranov, Andrey"]
[Black "Shchukin, Dmitry"]
[Result "0-1"]
[WhiteElo "2098"]
[BlackElo "2296"]
[PlyCount "76"]
[EventDate "2017.08.16"]
[EventType "swiss"]
[EventRounds "9"]
[EventCountry "RUS"]
[SourceTitle "CBM 180 Extra"]
[Source "ChessBase"]
[SourceDate "2017.10.06"]
[SourceVersion "1"]
[SourceVersionDate "2017.10.06"]
[SourceQuality "1"]

1. e4 c5 2. Nf3 d6 3. Bb5+ Nd7 4. 0-0 a6 5. Bd3 Ngf6 6. Qe2 Ne5 7. Nxe5 dxe5 8. a4 Bg4 9. f3 Bd7 10. b3 Qc7 11. Bb2 e6 12. Na3 Bc6 13. Nc4 Nd7 14. a5 Be7 15. Qf2 g5 16. Be2 h5 17. Qg3 f6 18. Ne3 Nf8 19. Qf2 Ng6 20. g3 Bb5 21. d3 h4 22. Rfd1 Kf7 23. Bf1 hxg3 24. hxg3 Rh5 25. Bg2 Rah8 26. c4 Bc6 27. Bc3 Qd8 28. Kf1 Bd6 29. Ke2 Qd7 30. Rh1 Qd8 31. Nc2 Rxh1 32. Bxh1 f5 33. f4 gxf4 34. exf5 exf5 35. Bxc6 bxc6 36. Bd2 Qg5 37. gxf4 Qg4+ 38. Qf3 Rh2+ 0-1

[Event "St Petersburg Summer op"]
[Site "St Petersburg"]
[Date "2017.08.18"]
[Round "3"]
[White "Shchukin, Dmitry"]
[Black "Shimanov, Aleksandr"]
[Result "1/2-1/2"]
[WhiteElo "2296"]
[BlackElo "2646"]
[PlyCount "94"]
[EventDate "2017.08.16"]
[EventType "swiss"]
[EventRounds "9"]
[EventCountry "RUS"]
[SourceTitle "CBM 180 Extra"]
[Source "ChessBase"]
[SourceDate "2017.10.06"]
[SourceVersion "1"]
[SourceVersionDate "2017.10.06"]
[SourceQuality "1"]

1. e4 e5 2. Nf3 Nc6 3. Bc4 Bc5 4. c3 Nf6 5. d4 exd4 6. cxd4 Bb4+ 7. Bd2 Nxe4 8. Bxb4 Nxb4 9. Bxf7+ Kxf7 10. Qb3+ d5 11. Qxb4 Re8 12. 0-0 c6 13. Nc3 Qb6 14. Ne5+ Kg8 15. Qxb6 axb6 16. Nxe4 dxe4 17. Rfe1 Be6 18. Rxe4 Bxa2 19. f3 Ra4 20. b4 b5 21. Ree1 Rd8 22. Re2 Bf7 23. Rae1 Be8 24. Nd3 Bg6 25. Nc5 Rxb4 26. Re7 b6 27. Ne6 Re8 28. Rxe8+ Bxe8 29. Nd8 Bf7 30. Nxc6 Rb2 31. d5 Rd2 32. Nb4 Kf8 33. h4 Bg6 34. Re6 Rd4 35. Na6 Rxd5 36. Rxb6 Rd1+ 37. Kh2 Rb1 38. g4 Bd3 39. Kg3 h6 40. Kf4 Bc4 41. g5 hxg5+ 42. hxg5 Kf7 43. g6+ Ke7 44. Ke5 Re1+ 45. Kf5 Bd3+ 46. Kf4 Rg1 47. Nc7 Rxg6 1/2-1/2

[Event "Chigorin Memorial 23rd"]
[Site "St Petersburg"]
[Date "2015.10.10"]
[Round "8"]
[White "Obgolts, Erik"]
[Black "Shchukin, Dmitry"]
[Result "0-1"]
[WhiteElo "2184"]
[BlackElo "2299"]
[PlyCount "174"]
[EventDate "2015.10.03"]
[EventType "swiss"]
[EventRounds "9"]
[EventCountry "RUS"]
[SourceTitle "CBM 168 Extra"]
[Source "ChessBase"]
[SourceDate "2015.10.29"]
[SourceVersion "1"]
[SourceVersionDate "2015.10.29"]
[SourceQuality "1"]

1. d4 d6 2. Nf3 Bg4 3. c4 Bxf3 4. exf3 Nd7 5. Nc3 Ngf6 6. Be2 g6 7. f4 Bg7 8. 0-0 e6 9. Bf3 Rb8 10. Rb1 0-0 11. Re1 c6 12. b4 Nb6 13. Qd3 d5 14. c5 Nc4 15. Be3 b6 16. Rb3 bxc5 17. bxc5 Qa5 18. Reb1 Nd7 19. g3 Rxb3 20. Rxb3 Rb8 21. Rxb8+ Nxb8 22. Qc2 Na6 23. Ne2 Nb4 24. Qb3 Nxa2 25. Qb7 Nc3 26. Qb3 Nxe2+ 27. Bxe2 Qe1+ 28. Bf1 Nd2 29. Qd3 Nxf1 30. Qxf1 Qb4 31. Qa6 Qb1+ 32. Kg2 Qe4+ 33. Kf1 Bxd4 34. Bxd4 Qxd4 35. Qc8+ Kg7 36. Qxc6 a5 37. Qd6 a4 38. c6 a3 39. Qxa3 Qc4+ 40. Kg1 Qxc6 41. Qa1+ Kg8 42. Qe5 Qb7 43. Qd6 Qb1+ 44. Kg2 Qe4+ 45. f3 Qe2+ 46. Kh3 Kg7 47. Qc7 Qf1+ 48. Kg4 h5+ 49. Kg5 Qa1 50. Qe7 Qb2 51. h4 Qa3 52. Qf6+ Kg8 53. g4 hxg4 54. fxg4 Qf8 55. h5 Qg7 56. Qd8+ Kh7 57. hxg6+ Qxg6+ 58. Kh4 Kg7 59. Qd6 Qh7+ 60. Kg3 Qd3+ 61. Kh4 Qe4 62. Kg5 d4 63. f5 Qe3+ 64. Kh4 exf5 65. g5 Qf2+ 66. Kh3 Qf3+ 67. Kh2 Qh5+ 68. Kg2 Qxg5+ 69. Kf1 Qe3 70. Qc7 Qf3+ 71. Kg1 Qe3+ 72. Kf1 f4 73. Qc5 Qf3+ 74. Kg1 Kg6 75. Qd6+ f6 76. Qd8 Qe3+ 77. Kh1 f3 78. Qg8+ Kf5 79. Qh7+ Kf4 80. Qh4+ Ke5 81. Qh5+ Ke4 82. Qg6+ f5 83. Qe6+ Kd3 84. Qxf5+ Kd2 85. Qa5+ Qc3 86. Qa2+ Kc1 87. Qf2 Qd2 0-1

[Event "Chigorin Memorial 23rd"]
[Site "St Petersburg"]
[Date "2015.10.08"]
[Round "6"]
[White "Vorobjev, Dmitry"]
[Black "Shchukin, Dmitry"]
[Result "0-1"]
[WhiteElo "2163"]
[BlackElo "2299"]
[PlyCount "52"]
[EventDate "2015.10.03"]
[EventType "swiss"]
[EventRounds "9"]
[EventCountry "RUS"]
[SourceTitle "CBM 168 Extra"]
[Source "ChessBase"]
[SourceDate "2015.10.29"]
[SourceVersion "1"]
[SourceVersionDate "2015.10.29"]
[SourceQuality "1"]

1. c4 g6 2. Nf3 Bg7 3. g3 c5 4. Bg2 Nc6 5. 0-0 e6 6. Nc3 Nge7 7. d4 Nxd4 8. Nxd4 cxd4 9. Nb5 0-0 10. Nxd4 d5 11. cxd5 Nxd5 12. Nb3 a5 13. Rb1 a4 14. Nc5 Qb6 15. Qc2 Qc6 16. e4 Nc7 17. e5 Nd5 18. Bxd5 exd5 19. Qc3 d4 20. Qxd4 Bh3 21. Ne4 Rad8 22. Qe3 Bxf1 23. Kxf1 Rd1+ 24. Kg2 Bxe5 25. f3 Qc2+ 26. Nf2 Bd4 0-1

[Event "Chigorin Memorial 23rd"]
[Site "St Petersburg"]
[Date "2015.10.07"]
[Round "5"]
[White "Shchukin, Dmitry"]
[Black "Chigaeva, Anastasia"]
[Result "1-0"]
[WhiteElo "2299"]
[BlackElo "2065"]
[PlyCount "131"]
[EventDate "2015.10.03"]
[EventType "swiss"]
[EventRounds "9"]
[EventCountry "RUS"]
[SourceTitle "CBM 168 Extra"]
[Source "ChessBase"]
[SourceDate "2015.10.29"]
[SourceVersion "1"]
[SourceVersionDate "2015.10.29"]
[SourceQuality "1"]

1. c4 f5 2. d4 Nf6 3. Nc3 e6 4. Bg5 Be7 5. e3 d5 6. Bd3 c6 7. Qc2 0-0 8. Nge2 h6 9. Bh4 Qe8 10. h3 Qh5 11. Nf4 Qf7 12. Bxf6 Bxf6 13. cxd5 cxd5 14. h4 Nc6 15. a3 Bd7 16. g4 e5 17. dxe5 Nxe5 18. Bxf5 Bxf5 19. Qxf5 d4 20. Ncd5 dxe3 21. fxe3 Nc4 22. Nxf6+ Qxf6 23. Qxf6 Rxf6 24. Nd5 Rd6 25. 0-0-0 Kh8 26. e4 Re8 27. Nc3 Rc6 28. Rh3 Nd6 29. Re3 Rxe4 30. Rxe4 Nxe4 31. Kc2 Nxc3 32. bxc3 Rc7 33. Rd6 Kg8 34. Kd3 Kf7 35. h5 Ke7 36. Rg6 Kf7 37. c4 Rd7+ 38. Kc3 Rd1 39. g5 hxg5 40. Rxg5 Rd6 41. Ra5 a6 42. Rg5 Rb6 43. a4 Rc6 44. a5 Rc7 45. Kd4 Ke8 46. Kd5 Kd8 47. c5 Rd7+ 48. Ke6 Ke8 49. Rg6 Rc7 50. Kd5 Rd7+ 51. Ke5 Re7+ 52. Kd5 Rd7+ 53. Kc4 Rc7 54. Re6+ Kd7 55. Kd5 Kd8 56. c6 bxc6+ 57. Rxc6 Rf7 58. Ke5 Rb7 59. Rxa6 Rb5+ 60. Kd6 Ke8 61. Ke6 Kd8 62. Rd6+ Ke8 63. Rd5 Rb7 64. Kf5 Rf7+ 65. Kg6 Ra7 66. Rf5 1-0

[Event "St Petersburg Summer rapid"]
[Site "St Petersburg"]
[Date "2015.08.30"]
[Round "11"]
[White "Shchukin, Dmitry"]
[Black "Lintchevski, Daniil"]
[Result "1/2-1/2"]
[WhiteElo "2299"]
[BlackElo "2579"]
[PlyCount "127"]
[EventDate "2015.08.29"]
[EventType "swiss (rapid)"]
[EventRounds "11"]
[EventCountry "RUS"]
[SourceTitle "EXT 2016"]
[Source "ChessBase"]
[SourceDate "2015.10.08"]
[SourceVersion "1"]
[SourceVersionDate "2015.10.08"]
[SourceQuality "1"]

1. e4 c6 2. c4 d5 3. cxd5 cxd5 4. exd5 Nf6 5. Qa4+ Nbd7 6. Nc3 g6 7. Nf3 Bg7 8. Bc4 0-0 9. d3 a6 10. Qa3 b6 11. 0-0 Bb7 12. Re1 Re8 13. Be3 b5 14. Bb3 Nb6 15. Bxb6 Qxb6 16. Qb4 Qd6 17. Qxd6 exd6 18. a3 Nd7 19. d4 Nb6 20. Kf1 Bh6 21. Ne4 Red8 22. Nf6+ Kg7 23. Re7 Rab8 24. Ng4 Bxd5 25. Bxd5 Nxd5 26. Ra7 Ra8 27. Rxa8 Rxa8 28. Nxh6 Kxh6 29. Rc1 Nb6 30. Rc7 f6 31. g4 Nd5 32. Rc6 Nf4 33. Rxd6 Rc8 34. Ke1 Rc2 35. Rxf6 Nd3+ 36. Kd1 Rxf2 37. g5+ Kh5 38. Ne5 Kxg5 39. Rxf2 Nxf2+ 40. Ke2 Ng4 41. Nd7 Nxh2 42. Nc5 a5 43. d5 Kf6 44. Ne4+ Ke5 45. d6 Ke6 46. b4 axb4 47. axb4 Ng4 48. Nc3 Kxd6 49. Nxb5+ Ke5 50. Kf3 Nf6 51. Nc3 Kd4 52. Ne2+ Kc4 53. Kf4 h6 54. Ke5 Ng4+ 55. Kf4 Nf2 56. Ke5 h5 57. Kf6 h4 58. Kxg6 h3 59. Kf5 Kxb4 60. Kf4 h2 61. Ng3 Kc4 62. Kf3 h1N 63. Nxh1 Kb5 64. Nxf2 1/2-1/2

[Event "Pardubice op rap 26th"]
[Site "Pardubice"]
[Date "2015.07.23"]
[Round "5"]
[White "Schlosser, Philipp"]
[Black "Shchukin, Dmitry"]
[Result "1-0"]
[WhiteElo "2579"]
[BlackElo "2299"]
[PlyCount "65"]
[EventDate "2015.07.22"]
[EventType "swiss (rapid)"]
[EventRounds "9"]
[EventCountry "CZE"]
[SourceTitle "CBM 167 Extra"]
[Source "ChessBase"]
[SourceDate "2015.09.14"]
[SourceVersion "1"]
[SourceVersionDate "2015.09.14"]
[SourceQuality "1"]

1. c4 e5 2. g3 Nf6 3. Bg2 Nc6 4. Nc3 Bb4 5. Nd5 Nxd5 6. cxd5 Ne7 7. Nf3 Bd6 8. e4 c6 9. 0-0 cxd5 10. exd5 0-0 11. Re1 Ng6 12. b3 Bc5 13. Bb2 d6 14. d4 exd4 15. Bxd4 Bb4 16. Re3 Bg4 17. Rc1 Bxf3 18. Bxf3 Ba5 19. Bh5 Qg5 20. h4 Qxd5 21. Bf3 Qb5 22. a4 Qd7 23. h5 Ne7 24. h6 gxh6 25. Bg2 Bb6 26. Rc4 Rac8 27. Rxe7 Qxe7 28. Rxc8 Bxd4 29. Rxf8+ Kxf8 30. Qxd4 f6 31. Qxa7 Qe1+ 32. Kh2 b6 33. Qxb6 1-0

[Event "Pardubice op rap 26th"]
[Site "Pardubice"]
[Date "2015.07.23"]
[Round "8"]
[White "Shchukin, Dmitry"]
[Black "Zhylkaidarova, Sholpan"]
[Result "1-0"]
[WhiteElo "2299"]
[BlackElo "2145"]
[PlyCount "119"]
[EventDate "2015.07.22"]
[EventType "swiss (rapid)"]
[EventRounds "9"]
[EventCountry "CZE"]
[SourceTitle "CBM 167 Extra"]
[Source "ChessBase"]
[SourceDate "2015.09.14"]
[SourceVersion "1"]
[SourceVersionDate "2015.09.14"]
[SourceQuality "1"]

1. e4 e6 2. d4 d5 3. Nc3 Bb4 4. e5 c5 5. Bd2 Bxc3 6. bxc3 Ne7 7. Qg4 Ng6 8. h4 h5 9. Qg3 c4 10. Ne2 Nc6 11. Nf4 Nce7 12. Nxg6 Nxg6 13. Be2 Bd7 14. a4 Qb6 15. 0-0 0-0-0 16. a5 Qc7 17. Qg5 Be8 18. g3 Qe7 19. Qxe7 Nxe7 20. Bg5 Rd7 21. Rfb1 Nc6 22. Kg2 Rc7 23. f3 Nb8 24. g4 hxg4 25. fxg4 Rc6 26. h5 Ra6 27. Be7 Nc6 28. Bb4 f6 29. exf6 gxf6 30. Rh1 e5 31. dxe5 Nxe5 32. Kf2 Bd7 33. Rag1 Nc6 34. h6 Rh7 35. Bf3 Nxb4 36. cxb4 Rd6 37. c3 Bc6 38. Rd1 a6 39. Rh5 Kb8 40. Be4 f5 41. Bxf5 Rhxh6 42. Ke3 Rhf6 43. Kd4 Bd7 44. Ke5 Bxf5 45. gxf5 Rc6 46. Rh8+ Kc7 47. Rh7+ Kc8 48. Rxd5 Rf8 49. Re7 Rcf6 50. Ke4 Rh8 51. Rc5+ Kb8 52. Rcc7 Rhf8 53. Rxb7+ Ka8 54. Ra7+ Kb8 55. Reb7+ Kc8 56. Rb6 Rxf5 57. Ra8+ Kc7 58. Rxf8 Rxf8 59. Kd4 Rf4+ 60. Kc5 1-0

[Event "Moscow op-C"]
[Site "Moscow"]
[Date "2015.01.31"]
[Round "1"]
[White "Voinikonis, Nikita"]
[Black "Shchukin, Dmitry"]
[Result "0-1"]
[WhiteElo "1953"]
[BlackElo "2297"]
[PlyCount "60"]
[EventDate "2015.01.31"]
[EventType "swiss"]
[EventRounds "9"]
[EventCountry "RUS"]
[SourceTitle "CBM 164 Extra"]
[Source "ChessBase"]
[SourceDate "2015.03.02"]
[SourceVersion "1"]
[SourceVersionDate "2015.03.02"]
[SourceQuality "1"]

1. e4 c5 2. Nf3 Nc6 3. d4 cxd4 4. Nxd4 Nf6 5. Nc3 e6 6. Ndb5 Bb4 7. a3 Bxc3+ 8. Nxc3 d5 9. exd5 exd5 10. Bd3 0-0 11. 0-0 d4 12. Ne4 Bf5 13. Bg5 Bxe4 14. Bxe4 h6 15. Bh4 g5 16. Bxc6 bxc6 17. Bg3 Qd5 18. Qd3 Ne4 19. Rad1 Rad8 20. Rfe1 Rfe8 21. Re2 Re6 22. Rde1 Rde8 23. b4 c5 24. c4 Qf5 25. Qd1 Nc3 26. Rxe6 Rxe6 27. Qd2 Qd3 28. Qc1 Ne2+ 29. Rxe2 Qxe2 30. f3 d3 0-1